000 01827cam a22005294i 4500
003 PE-LiUPU
005 20250731165641.0
008 150616s r 000 0 d
020 _a0802802362
035 _a(Sirsi) i9780802802361
040 _aPE-LiUPU
_bspa
_cPE-LiUPU
_erda
049 _aPRUA
082 0 4 _a221.077
_bF
_221
100 1 _aDe Vries, Simon John,
_eautor.
245 1 0 _a1 and 2 Chronicles.
_n11 /
_cSimon John De Vries.
264 1 _aGrand Rapids, Michigan :
_bWilliam B. Eerdmans Publishing Co.,
_c1989.
300 _a439 páginas ;
_c23 centímetros
336 _atext
_2rdacontent
337 _aunmediated
_2rdamedia
338 _avolume
_2rdacarrier
490 0 _aThe Forms of the Old Testament Literature ;
_v11
504 _aBibliografía: páginas 3-7.
505 0 _aComentarios sobre los libros de Crónicas.
526 _aSEG44
526 _aSEG26
526 _aP151
526 _aP150
526 _aP149
526 _aP146
526 _aP145
526 _aP126
526 _aP125
526 _aP92
526 _aP75
526 _aP74
526 _aP27
526 _aP15
630 _aBiblia.
_pA.T.
_pCrónicas I, II
_xComentarios.
650 0 4 _a
910 _ajck
_bjvq
_cjck
942 _2ddc
_cBOOK
949 _aRC 221.077 F 11
_wDEWEY
_c1
_i40608
_lCCODEBUL1
_mBUL
_r0
_sY
_tBOOK
_u2015-6-16
_xTEOLOGIA
_zUNKNOWN
_0COMPRA
_o.CIRCNOTE. No olvidar cambiar la fecha de devolución!!!!!!!
_o.STAFF. Colección General
994 _aC0
_bPEPRU
596 _a1
999 _aRC 221.077 F 11
_wDEWEY
_c58395
_i40608
_f2021-11-8
_g6
_lCCODEBUL1
_mBUL
_r1
_sY
_tBOOK
_u2015-6-16
_xTEOLOGIA
_zUNKNOWN
_0COMPRA
_o.CIRCNOTE. No olvidar cambiar la fecha de devolución!!!!!!!
_o.STAFF. Colección General
_d58395
980 _81
_gALBERTO SANCHEZ Responsable de Automatización